Состав водорастворимых полисахаридов из цветков Calendula officinalis L.; Химико-фармацевтический журнал; Т. 46, № 4
| Parent link: | Химико-фармацевтический журнал.— , 1978- Т. 46, № 4.— 2012.— [С. 23-25] |
|---|---|
| Autor Corporativo: | |
| Otros Autores: | , , , , |
| Sumario: | Заглавие с экрана Получены данные по диагностическим признакам гуминовых кислот низинного древесно-травяного вида торфа месторождения «Клюквенное» Томской области и предложены критерии оценки их подлинности и качества. Полученные результаты позволяют нам считать целесообразным использование их в качестве основных параметров стандартизации. Режим доступа: по договору с организацией-держателем ресурса |
| Lenguaje: | ruso |
| Publicado: |
2012
|
| Materias: | |
| Acceso en línea: | http://elibrary.ru/item.asp?id=23152946 http://chem.folium.ru/index.php/chem/article/view/807/806 |
| Formato: | Electrónico Capítulo de libro |
| KOHA link: | https://koha.lib.tpu.ru/cgi-bin/koha/opac-detail.pl?biblionumber=646990 |
MARC
| LEADER | 00000naa0a2200000 4500 | ||
|---|---|---|---|
| 001 | 646990 | ||
| 005 | 20250203161622.0 | ||
| 035 | |a (RuTPU)RU\TPU\network\12127 | ||
| 035 | |a RU\TPU\network\12124 | ||
| 090 | |a 646990 | ||
| 100 | |a 20160322d2012 k||y0rusy50 ca | ||
| 101 | 0 | |a rus | |
| 102 | |a RU | ||
| 135 | |a drcn ---uucaa | ||
| 181 | 0 | |a i | |
| 182 | 0 | |a b | |
| 200 | 1 | |a Состав водорастворимых полисахаридов из цветков Calendula officinalis L. |d Medicinal plants: Composition of water-soluble polysaccharides from Calendula officinalis L. flowers |f А. П. Корж [и др.] | |
| 203 | |a Текст |c электронный | ||
| 300 | |a Заглавие с экрана | ||
| 320 | |a [Библиогр.: с. 25 (7 назв.)] | ||
| 330 | |a Получены данные по диагностическим признакам гуминовых кислот низинного древесно-травяного вида торфа месторождения «Клюквенное» Томской области и предложены критерии оценки их подлинности и качества. Полученные результаты позволяют нам считать целесообразным использование их в качестве основных параметров стандартизации. | ||
| 333 | |a Режим доступа: по договору с организацией-держателем ресурса | ||
| 461 | |t Химико-фармацевтический журнал |d 1978- | ||
| 463 | |t Т. 46, № 4 |v [С. 23-25] |d 2012 | ||
| 510 | 1 | |a Medicinal plants: Composition of water-soluble polysaccharides from Calendula officinalis L. flowers |z eng | |
| 610 | 1 | |a труды учёных ТПУ | |
| 610 | 1 | |a электронный ресурс | |
| 610 | 1 | |a исследование | |
| 610 | 1 | |a полисахариды | |
| 610 | 1 | |a календула | |
| 610 | 1 | |a лекарственные растения | |
| 610 | 1 | |a calendula officinalis l. | |
| 610 | 1 | |a polysaccharides | |
| 610 | 1 | |a calendula officinalis | |
| 610 | 1 | |a calendula flowers | |
| 701 | 1 | |a Корж |b А. П. | |
| 701 | 1 | |a Гурьев |b А. М. | |
| 701 | 1 | |a Белоусов |b М. В. |c химик |c профессор Томского политехнического университета, доктор фармацевтических наук |f 1963- |g Михаил Валерьевич |3 (RuTPU)RU\TPU\pers\44498 |9 21812 | |
| 701 | 1 | |a Юсубов |b М. С. |c химик |c профессор Томского политехнического университета, доктор химических наук |f 1961- |g Мехман Сулейман-оглы (Сулейманович) |3 (RuTPU)RU\TPU\pers\28058 |9 13020 | |
| 701 | 1 | |a Белянин |b М. Л. |c химик-органик |c доцент Томского политехнического университета, кандидат химических наук |f 1973- |g Максим Львович |3 (RuTPU)RU\TPU\pers\29200 |9 13807 | |
| 712 | 0 | 2 | |a Национальный исследовательский Томский политехнический университет |b Институт природных ресурсов |b Кафедра технологии органических веществ и полимерных материалов |3 (RuTPU)RU\TPU\col\18659 |9 27112 |
| 801 | 2 | |a RU |b 63413507 |c 20191129 |g RCR | |
| 856 | 4 | 0 | |u http://elibrary.ru/item.asp?id=23152946 |
| 856 | 4 | |u http://chem.folium.ru/index.php/chem/article/view/807/806 | |
| 942 | |c CF | ||